Word distribution in the interior South /

Bibliographic Details
Main Author: Wood, Gordon Reid, 1913-
Format: Book
Language:English
Published: University : Published for the Society by University of Alabama Press, 1961.
Series:Publication of the American Dialect Society ; no. 35.
Subjects:

MARC

Tag First Indicator Second Indicator Subfields
LEADER 00000cam a2200000 4500
001 in00000214608
005 20151009055148.0
008 720530s1961 alub 00010 eng
010 |a  62051423  
035 |a (OCoLC)00319502 
035 |9 AAX0076AM 
040 |c WSU  |d TXA  |d UtOrBLW 
049 |a TXAM  |c [622139] 
050 0 |a PE2926  |b .W6 
090 |a PE1702  |b .A5 no. 35 
100 1 |a Wood, Gordon Reid,  |d 1913- 
245 1 0 |a Word distribution in the interior South /  |c [by] Gordon R. Wood. The Secretary's report. 
264 1 |a University :  |b Published for the Society by University of Alabama Press,  |c 1961. 
300 |a 27 pages :  |b maps. ;  |c 23 cm. 
336 |a text  |b txt  |2 rdacontent 
337 |a unmediated  |b n  |2 rdamedia 
338 |a volume  |b nc  |2 rdacarrier 
490 1 |a American Dialect Society. Publication no. 35 
500 |a The Cushing Library/Lit./Mitchell copy contains a 1962 American Dialect Society newsletter. 
650 0 |a English language  |x Dialects  |z Southern States. 
830 0 |a Publication of the American Dialect Society ;  |v no. 35. 
999 |a MARS 
999 f f |s 431b9956-cc1a-3b19-89e4-cd8fae73862d  |i 9dd2a18d-d800-3018-970c-0d4e2a7253be  |t 0 
952 f f |p ric  |a Texas A&M University  |b Rellis Campus  |c Joint Library Facility  |s JLF  |d Remote Storage  |t 0  |e PE1702 .A5 no.35  |h Library of Congress classification  |i unmediated -- volume  |m A14803605903 
952 f f |p noncirc  |a Texas A&M University  |b College Station  |c Cushing Memorial Library & Archives  |s cush mitc  |d Cushing: Literature/Mitchell (Does not check out)  |t 0  |e PE1702 .A5 no.35  |h Library of Congress classification  |i unmediated -- volume 
998 f f |a PE1702 .A5 no.35  |t 0  |l Cushing: Literature/Mitchell (Does not check out) 
998 f f |a PE1702 .A5 no.35  |t 0  |l Remote Storage